000 00913nas a2200265 4500
001 BR8600566
003 BR-BrBNA
005 20231205090332.0
007 ta
008 230509b bl.|||p| |||| 00| 00por d
040 _aBR-BrBNA
_bpor
_cBiblioteca Nacional de Agricultura
041 _a(Pt)
072 _aL02
100 1 _aDuarte, C.M.L.
100 1 _aMaraschin, G.E.
245 1 _aDesempenho de novilhas em pastagens de pangola, pensacola e coastal bermuda
_bParte de tese
246 1 _aPerformance of heifers in pastures of pangolagrass, pensacola grass, and coastal bermudagrass
_bPart of thesis
650 _aNOVILHO
650 _aCAPIM PANGOLA
650 _aCAPIM PENSACOLA
650 _aPERFORMANCE
773 0 _tRevista da Sociedade Brasileira de Zootecnia (Brazil)
_xISSN 0100-4859
_g(1985), v. 14(4) p. 447-453
_wBR8600566
909 _a202311
_bLúcia
_c55
_dLúcia Elande
942 _2AGRIS
_n0
_cANA
999 _c117703
_d117703